000 00547nam a2200217Ia 4500
003 OSt
005 20220928141924.0
006 a|||||r|||| 00| 0
007 ta
008 220927b |||||||| |||| 00| 0 eng d
024 _a18348
037 _cTextual
040 _aSDCL
_cSDCL
_beng
041 _2eng
_aeng
082 _aO15:gxE25,2, 152K8
100 _aJha Vraja Mohana
_9502678
245 0 _aSuvrttatilaka.
260 _c1968
942 _hO15:gxE25,2, 152K8
_cTEXL
_2CC
999 _c820593
_d820593